Faces de eva (Record no. 45115)
[ view plain ]
| 000 -Etiqueta do registo | |
|---|---|
| Valores | 00376nam a2200157 4500 |
| 100 ## - Dados gerais de processamento | |
| Dados gerais | 20251110 pory50 |
| 101 ## - Língua de publicação | |
| Língua | por |
| 102 ## - País de publicação | |
| País | PT |
| 200 ## - Titulo e menção de responsabilidade | |
| Título próprio | Faces de eva |
| Primeira menção de responsabilidade | Universidade Nova de Lisboa |
| 210 ## - Publicação | |
| Local de publicação | Lisboa |
| Nome do editor | Colibri |
| -- | Universidade Nova de Lisboa |
| Data de publicação | 2003 |
| 215 ## - Descrição física | |
| Paginação / Volumes | v. |
| 675 ## - CDU | |
| Notação | 396(05) |
| 801 ## - Fonte de origem | |
| País | PT |
| Regras de catalogação | RPC |
| 990 ## - Elementos KOHA | |
| Tipo de documento | Jornais e Revistas |
| Aquisição | Empréstimo | Código de barras | Cota | Permissão de empréstimo | Tipo de documento | Nota relativa ao exemplar |
|---|---|---|---|---|---|---|
| Biblioteca Municipal de Redondo | Biblioteca Municipal de Redondo | 055782 | 396(05) UNI | Consulta presencial | Jornais e Revistas | 2003 n.º 10 [est. de Maria Teresa Santos] |
| Biblioteca Municipal de Redondo | Biblioteca Municipal de Redondo | 055783 | 396(05) UNI | Consulta presencial | Jornais e Revistas | 2003 n.º 10 [est. de Maria Teresa Santos] |
| Biblioteca Municipal de Redondo | Biblioteca Municipal de Redondo | 055784 | 396/(05) UNI | Consulta presencial | Jornais e Revistas | 2003 n.º 10 [est. de Maria Teresa Santos] |